Responses for Show #2849 - Thursday, January 9, 1997

Contestants

[<< previous game]

Alan Kwaselow, a physician from West Bloomfield, Michigan

Kathy Eckenroth, a library assistant from Hummelstown, Pennsylvania

Kim Mihalick, a bartender from Merrillville, Indiana (whose 1-day cash winnings total $4,800)

[next game >>]

Jeopardy! Round responses

MYTHOLOGY
THEY ALMOST STARRED IN...
TRANSPORTATION
QUOTATIONS
NOTABLE RELATIVES
"L"AW
    $100 2
the Moon

Alan
    $100 1
(Alan: Who is Ingrid Bergman?)

(Princess) Grace Kelly

KathyAlan
    $100 3
(Kim: What is a train?)
(Alex: Be more specific.)
(Kim: Commuter train?)
(Alex: No.)

subway

KimAlan
    $100 14
open

Alan
    $100 15
Janet Reno

Kim
    $100 9
larceny

Kim
    $200 25
Romulus & Remus

Kim
    $200 5
My Fair Lady

Kim
    $200 4
Nissan

Kim
    $200 21
Andrew Carnegie

Kim
    $200 17
James Smithson

Triple Stumper
    $200 10
a lie detector

Kim
    $300 26
(Alex: And we have less than a minute.)

Valhalla

Kim
    $300 6
Shirley Temple

Kim
    $300 16
TGV (Trains Grande Vitesse)

Triple Stumper
    $300 22
(Kathy: What are Flopsy, Mopsy, and Cottontail?)
...
(Alex: Now you realize you left out one.)

Flopsy, Mopsy, Cottontail & Peter

Kathy
Triple Stumper
    $300 18
Elle

Kim
    $300 11
libel

Alan
    $400 27
Oedipus

Kim
    $400 7
Ali MacGraw

Kim
    $400 29
"Jenny"

Triple Stumper
    $400 23
Marshall Field

Kim
    $400 19
Alan J. Lerner

Kim
    $400 12
leading

Kim
    $500 28
Bacchus (or Dionysus)

Kim
    $500 8
(Alan: What is Gentlemen Prefer Blondes?)

Some Like It Hot

Alan
Triple Stumper
    $500 30
(Alan: What were Queen Mary and the France?)

the Queen Elizabeth & the Queen Mary

KimAlan
    $500 24
Lew Wallace

Kim
    $1,000 20
(Alex: Pierce was Barbara Bush's maiden name.)

Franklin Pierce

Kim
    $500 13
lobbyists

Alan

Scores at the first commercial break (after clue 15):

Kim Kathy Alan
$1,800 $100 $500

Scores at the end of the Jeopardy! Round:

Kim Kathy Alan
$6,500 -$200 $0

Double Jeopardy! Round responses

FRENCH NOVELISTS
(Alex: My staff is laughing at me!)
THE 1970s
MUSIC
WORLD FACTS
ANIMALS
POTPOURRI
    $200 1
Marcel Proust

Kathy
    $200 6
USPS (United States Postal Service)

Kim
    $200 13
Peter, Paul & Mary

Alan
    $200 11
Madrid

Kathy
    $200 19
a bullfrog

Kim
    $500 2
Camille

Kathy
    $400 7
Australia

Kim
    $400 14
John Philip Sousa

Kim
    $400 12
Mexico

Kim
    $400 20
the mongoose

Kim
    $600 3
Collette

Kathy
    $600 8
(Kathy: What is the deficit?)
(Alan: What is the national debt?)
[Originally accepted as correct; reversed after the first break]

the ceiling on the national debt

KathyAlan
Triple Stumper
    $600 15
(Kim: What is "Boola Boola"?)

"The Whiffenpoof Song"

KimAlan
    $600 16
Rio de Janeiro

Alan
    $600 21
(Kim: What is a sloth?)

armadillo

Kim
Triple Stumper
    $800 4
Albert Camus

Kathy
    $800 9
the Teamsters

Alan
    $800 27
[The end-of-round signal sounds.]

Sigmund Romberg

Kathy
    $800 17
(Kim: What is Germany?)
(Alan: What is Sweden?)

Norway

KimAlan
Triple Stumper
    $800 22
(Alex: We've got about a minute left.)

the lemur

Kim
    $800 26
Harlem

Alan
    $1000 5
Guy de Maupassant

Triple Stumper
    $1000 10
Argentina & Chile

Triple Stumper
    $1000 25
Glenn Miller

Alan
    $1000 18
Venezuela

Kim
    $2,000 23
(Kim: What is an ostrich?)

a stork

Kim
    $1000 24
Carl Gustav XVI

Kim

Scores at the end of the Double Jeopardy! Round:

Kim Kathy Alan
$7,300 $2,300 $2,600
(lock game)

[wagering suggestions for these scores]

Final Jeopardy! Round responses

CANADIAN PROVINCES
(Alex: I'd do well on this one, I think!)
KathyWhat is Saskatchewan?
$2,299
AlanWhat is Ontario, eh?
$2,599
KimWhat is Ontario?
$0
Prince Edward Island

Final scores:

Kim Kathy Alan
$7,300 $1 $1
2-day champion: $12,100 3rd place: Bush executive desk 2nd place: Dynamark home security system

Game dynamics:

Coryat scores:

Kim Kathy Alan
$8,800 $2,200 $2,600
28 R
(including 1 DD),
5 W
(including 1 DD)
7 R
(including 1 DD),
2 W
11 R,
5 W

Combined Coryat: $13,600

[game clues] [game scores] [suggest correction]

Game tape date: 1996-11-05
The J! Archive is created by fans, for fans. Scraping, republication, monetization, and malicious use prohibited; this site may use cookies and collect identifying information. See terms. The Jeopardy! game show and all elements thereof, including but not limited to copyright and trademark thereto, are the property of Jeopardy Productions, Inc. and are protected under law. This website is not affiliated with, sponsored by, or operated by Jeopardy Productions, Inc. Join the discussion at JBoard.tv.